El mundo, el texto y el crítico

Saved in:
Bibliografiske detaljer
Hovedforfatter: Said, Edward W (Author)
Format: Bog
Sprog:spansk
Udgivet: Barcelona Random House Mondadori 2004
Udgivelse:1a. ed
Serier:Referencias
Fag:
Tags: Tilføj Tag
Ingen Tags, Vær først til at tagge denne postø!

MARC

LEADER 00000cam a2200000 a 4500
001 UCE9733
003 CL-VaPUC
008 151106e20040000sp |||||||||||||||||spa|d
020 |a 848306555X 
082 0 4 |a 801.95  |b SAI  |2 21 
100 0 |a Said, Edward W  |e author  |9 582622 
245 1 3 |a El mundo, el texto y el crítico 
250 |a 1a. ed 
300 |a 430 p 
942 |c BK 
945 |d 20151106 14:16:00  |a dcastane 
260 |a Barcelona  |b Random House Mondadori  |c 2004 
650 7 |a CRITICISMO  |2 CL-VaPUC  |9 265242 
650 0 |a Literatura  |9 259151 
650 0 |a Historia y crítica   |9 257407 
583 |a last modification  |c 20151106 14:16:00  |k Rodrigo Vera 
490 0 |a Referencias 
999 |c 361378  |d 361376 
952 |0 0  |1 0  |3 erb  |4 0  |6 801_950000000000000_SAI_2004  |7 0  |8 A  |9 471821  |a BIBEDU  |b BIBEDU  |i 5246725  |l 1  |m 1  |o 801.95 SAI 2004  |p 5246725  |r 2024-10-09  |s 2024-09-13  |w 2019-11-24  |y BK  |z Catalogado en:20151106  |k LIT